Conducting terrorism field research : (Record no. 15305)

000 -LEADER
fixed length control field 01009cam a2200289 a 4500
001 - CONTROL NUMBER
control field 17470558
005 - DATE AND TIME OF LATEST TRANSACTION
control field 20170105102915.0
008 - FIXED-LENGTH DATA ELEMENTS--GENERAL INFORMATION
fixed length control field 120921s2013 enk b 001 0 eng
010 ## - LIBRARY OF CONGRESS CONTROL NUMBER
LC control number 2012037738
020 ## - INTERNATIONAL STANDARD BOOK NUMBER
International Standard Book Number 9780415609302 (hbk.)
020 ## - INTERNATIONAL STANDARD BOOK NUMBER
International Standard Book Number 9780415609319 (pbk.)
020 ## - INTERNATIONAL STANDARD BOOK NUMBER
International Standard Book Number 9780203563809 (ebook)
040 ## - CATALOGING SOURCE
Original cataloging agency DLC
Transcribing agency DLC
Modifying agency DLC
042 ## - AUTHENTICATION CODE
Authentication code pcc
050 00 - LIBRARY OF CONGRESS CALL NUMBER
Classification number HV6431
Item number .C64728 2013
082 00 - DEWEY DECIMAL CLASSIFICATION NUMBER
Classification number 363.325072
Edition number 23
245 00 - TITLE STATEMENT
Title Conducting terrorism field research :
Remainder of title a guide /
Statement of responsibility, etc. edited by Adam Dolnik.
260 ## - PUBLICATION, DISTRIBUTION, ETC.
Place of publication, distribution, etc. Abingdon, Oxon ;
-- New York, NY :
Name of publisher, distributor, etc. Routledge,
Date of publication, distribution, etc. 2013.
300 ## - PHYSICAL DESCRIPTION
Extent x, 263 p. ;
Dimensions 25 cm.
490 0# - SERIES STATEMENT
Series statement Contemporary terrorism studies
504 ## - BIBLIOGRAPHY, ETC. NOTE
Bibliography, etc. note Includes bibliographical references and index.
650 #0 - SUBJECT ADDED ENTRY--TOPICAL TERM
Topical term or geographic name entry element Terrorism
General subdivision Research
-- Methodology.
700 1# - ADDED ENTRY--PERSONAL NAME
Personal name Dolnik, Adam.
906 ## - LOCAL DATA ELEMENT F, LDF (RLIN)
a 7
b cbc
c orignew
d 1
e ecip
f 20
g y-gencatlg
942 ## - ADDED ENTRY ELEMENTS (KOHA)
Source of classification or shelving scheme
Koha item type Book
Holdings
Withdrawn status Lost status Damaged status Not for loan Collection code Permanent Location Current Location Shelving location Date acquired Total Checkouts Full call number Barcode Date last seen Price effective from Koha item type
          Centre for International Peace & Stability (CIPS) Centre for International Peace & Stability (CIPS) General Stacks 09/27/2013   363.325072 CON 2013 CIPS0001194 11/26/2013 11/26/2013 Book
© 2023 Central Library, National University of Sciences and Technology. All Rights Reserved.